00798nam a2200217 a 4500008004100000020001500041050001600056100002300072245003400095250001300129260004000142300001900182350000900201490004200210500001800252650002500270650004000295995009600335999001700431952013200448120416s1984 ||||||||||||||||| || u a0471879584 aHF 5415 Web aWebster, Frederick10aIndustrial marketing strategy a2nd. ed. aNew YorkbJohn Wiley and Sonsc1984 axv,321p. : ill a0.00 aRonald series on marketing management aBibliography. aIndustrial marketing 0aMARKETING--MANAGEMENT--CASE STUDIES D0.00FCBU-MAIN LIBRARY (Kitwe)H1I29.10M1UAVAILABLEZMain Library Open Access Collection c46735d46735 00102lcc4070a001b001cMain Library Open Access Collectiond2022-11-30l0oHF 5415 Webp004878r2022-11-30w2022-11-30y002